000 00929cam a2200337 4500
008 090401t2000 xxu||||| |||| 00| 0 eng d
020 _a185431887X
035 _a(Sirsi) u99853
041 _aeng
050 _a614.7026
100 _aBell, Stuart
245 _aEnvironmental law.
250 _a5th ed.
260 _bBlackstone Press
_c2000
300 _axlviii, 726p. ; 23cm.
350 _a23.95
520 _aComprehensive guide to the law and policy relating to the protection of the environment.
650 _aEnvironment
_96238
650 _aCONTAMINATED LAND
650 _aENVIRONMENTAL PROTECTION
650 _aNOISE
650 _aWATER POLLUTION
650 _aCONSERVATION
650 _aAIR POLLUTION
650 _aAIR QUALITY
650 _aENVIRONMENTAL IMPACT ASSESSMENTS
690 _aENVIRONMENT-ENVIRONMENTAL LAW
700 _aMcGillivary, Donald
942 _n0
948 _c21/04/1999
999 _c99493
_d99493